A volta ao mundo em 80 dias (Registo nº 2141)

Detalhes MARC
000 -Etiqueta do registo
Cabeçalho 00937nam a22003011 4500
005 - Identificador da versão
Campo de controlo 20240813121926.0
010 ## - Número internacional normalizado dos livros (ISBN)
Número (ISBN) 8497894871
021 ## - Número do Depósito Legal
Código do país ES
Número 24656-2004
100 ## - Dados gerais de processamento
Dados gerais de processamento 20040111d2004 cd y0pory5003 ba
102 ## - Pais de publicação ou produção
País de publicação Portugal
101 1# - Língua de publicação
Língua do texto, banda sonora, etc. Português
Língua do documento no original Francês
106 ## - Campo de dados codificados: material textual
Dados codificados do material textual r
105 ## - Campo de dados codificados: livros
Dados codificados dos livros y z 000ay
215 ## - Descrição física 
Indicação específica da natureza do documento e extensão da espécie 270 p.
Dimensões 23 cm
200 1# - Titulo e menção de responsabilidade
Título próprio A volta ao mundo em 80 dias
Primeira menção de responsabilidade Júlio Verne
Outras menções de responsabilidade trad. Lúcia do Carmo Cabrita Harris
-- rev. Gonçalo Pinto
225 2# - Colecção 
Título próprio da colecção Geração público
Indicação de volume 01
210 ## - Publicação, Distribuição, etc. 
Lugar da edição, distribuição, etc. Porto
Nome do editor, distribuidor, etc. Público
Data da publicação, distribuição, etc. 2004
304 ## - Notas relativas a título e menção de responsabilidade 
Texto da nota Tít. orig.: Le tour du monde en quatre-vingts jours
606 ## - Nome comum usado como assunto
Número de registo de entrada de autoridade 0000001
Palavra de ordem Literatura estrangeira infantil
Subdivisão de assunto Conto
675 ## - Classificação Decimal Universal (CDU)
Notação 82-34
Edição
Língua da edição por
702 #1 - Nome de autor-pessoa física (responsabilidade secundária)
Número de registo de entrada de autoridade 0000916
Palavra de ordem Harris
Outra parte do nome não tomada para palavra de ordem Lúcia do Carmo Cabrita
Código de função Tradutor
Número de registo de entrada de autoridade 0000917
Palavra de ordem Pinto
Outra parte do nome não tomada para palavra de ordem Gonçalo
Código de função Autor de recensão / Crítico
700 #1 - Nome de autor-pessoa física (responsabilidade principal)
Número de registo de entrada de autoridade 0000915
Palavra de ordem Verne
Outra parte do nome não tomada para palavra de ordem Jules
Datas 1828-1905
942 ## - Elementos de entrada adicionados (Koha)
Tipo de item no Koha Livro
Exemplares
Situação do levantamento Origin of item (home branch) (coded) Biblioteca de empréstimo Código de barras Cota Circulation type (not for loan) Tipo de documento Nota do exemplar Damaged status
  Biblioteca Escolar da Coca Maravilhas Biblioteca Escolar da Coca Maravilhas BECM6478/04 8EST VER   Livro Sem mensagem